000
00313 a2200109 4500
001
ART_11774
005
20260410161900.0
008
260409a
245
1
0
_a
Wen is a tax neutral?
100
1
_a
Lau, Lawrence J.
773
0
_t
Journal of public economics
_g
- Vol. 9, NÂș 3 (jun. 1978)
_w
REV11485
999
_c
25820
_d
25820